| 000 | 01288cam a2200265 4500 | ||
|---|---|---|---|
| 001 | ABS64292 | ||
| 008 | 010726n2001 000 0 eng u | ||
| 035 | _a(Sirsi) u113810 | ||
| 100 | _aCastorina, G. | ||
| 245 | 2 | _aA tangled planning web | |
| 260 | _c2001 | ||
| 490 |
_aEstates Gazette _v(0127) 7 July 2001, 128(1) |
||
| 520 | _aArgues that the Use Classes Order 1987 is outdated and needs to be revised in the light of changes within retailing. Illustrates how the Order is outmoded with reference to the proliferation of Internet shops which represent a new form of retail use. There is confusion amongst planning authorities as to whether internet shops fall withink Class A1 of the Town and Country Planning (Use Classes) Order 1987 which can have an adverse affect for property values and planning. | ||
| 590 | _aABS | ||
| 650 | _aTOWN AND COUNTRY PLANNING (USE CLASSES) ORDER 1987 | ||
| 650 | _aTOWN AND COUNTRY PLANNING (USE CLASSES) ORDER 1987 | ||
| 650 | _aCLASS A1 | ||
| 650 | _aHIGH STREET SHOPS | ||
| 650 | _aPROPERTY VALUES | ||
| 650 | _aPLANNING PERMISSION | ||
| 650 | _aRETAIL USE | ||
| 650 | _aPROPERTY-COMMERCIAL PROPERTY-RETAIL PROPERTY-RETAIL PROPERTY MARKET | ||
| 690 | _aENVIRONMENTAL AND LAND CONSULTANCY-PLANNING AND DEVELOPMENT | ||
| 942 | _n0 | ||
| 999 |
_c67801 _d67801 |
||